| 000 | 00674nam a2200193 i 4500 | ||
|---|---|---|---|
| 001 | 41575 | ||
| 003 | ES-MaACL | ||
| 005 | 20250729014426.0 | ||
| 007 | t| | ||
| 008 | 030311s1963 sp |||| | spa d | ||
| 100 | 1 |
_aCarballo Morales, Eugenio. _935010 |
|
| 245 | 1 | 3 |
_aEl derecho de autor y su universalidad / _cconferencia pronunciada por Eugenio Carballo Morales. |
| 260 |
_a[Valencia] : _bAcademia Valenciana de Jurisprudencia y Legislación, _c1963. |
||
| 300 |
_a45 p. ; _c24 cm. |
||
| 650 | 0 | 7 |
_aPropiedad intelectual _2embne _916488 |
| 710 | 2 |
_aAcademia Valenciana de Jurisprudencia y Legislación. _91226 |
|
| 852 |
_aES-MaACL _j2039-F-21 |
||
| 999 |
_c41575 _d41575 |
||